| 000 | 00974cam a2200205 4500 | ||
|---|---|---|---|
| 001 | WB3742-17 | ||
| 008 | 011107n2001 000 0 eng u | ||
| 035 | _a(Sirsi) u115521 | ||
| 245 | _aInternet use | ||
| 260 | _c2001 | ||
| 490 |
_aNegotiator _v16(22) 2 November 2001, 14(1) |
||
| 520 | _aAccording to a survey commissioned by the organisers of the Property Computer Show, and conducted by propertyfinder.co.uk, two-thirds of visitors to property internet portals are actively looking to find a home. Over 60% of respondents said they were looking to buy a property, while just 17% were merely browsing. The study also indicates that most visitors to property portals expect to find their next property there, far outweighing other potential sources of information. Graph. | ||
| 590 | _aWB | ||
| 650 | _aSURVEY | ||
| 650 | _aPROPERTYFINDER | ||
| 650 | _aINTERNET PORTALS | ||
| 650 | _aHOUSE BUYERS | ||
| 690 | _aINFORMATION TECHNOLOGY-INTERNET | ||
| 942 | _n0 | ||
| 999 |
_c68806 _d68806 |
||